Central Library OPAC University of Rajshahi

Air conditioning and refrigeration / (Record no. 75292)

MARC details
000 -LEADER
fixed length control field 00992nam a2200313 a 4500
001 - CONTROL NUMBER
control field 75292
003 - CONTROL NUMBER IDENTIFIER
rucl marc code BD-RjUL
005 - DATE AND TIME OF LATEST TRANSACTION
control field 20211209082653.0
008 - FIXED-LENGTH DATA ELEMENTS--GENERAL INFORMATION
fixed length control field 190212s1958 nyua 000 0 eng
035 ## - SYSTEM CONTROL NUMBER
System control number (BD-RjUL)75510)
System control number (OCoLC)1216306
040 ## - CATALOGING SOURCE
Original cataloging agency DLC
Transcribing agency FO
Modifying agency OCoLC
-- Uk
-- DLC
-- BD-RjUL
Language of cataloging eng
041 ## - LANGUAGE CODE
Language code of text/sound track or separate title eng
042 ## - AUTHENTICATION CODE
Authentication code premarc
082 ## - DEWEY DECIMAL CLASSIFICATION NUMBER
Edition number 23
Classification number 621.56
Author mark and year SEA 1958
100 1# - MAIN ENTRY--PERSONAL NAME
Personal name Severns, William H.
Fuller form of name (William Harrison),
Dates associated with a name 1888-1956.
9 (RLIN) 228129
245 10 - TITLE STATEMENT
Title Air conditioning and refrigeration /
Statement of responsibility, etc. [by] William H. Severns and Julian R. Fellows.
260 ## - PUBLICATION, DISTRIBUTION, ETC. (IMPRINT)
Place of publication, distribution, etc. New York :
Name of publisher, distributor, etc. Wiley,
Date of publication, distribution, etc. 1958.
300 ## - PHYSICAL DESCRIPTION
Pagination 563 p. :
Illustrations illus.;
Size 24 cm.
500 ## - GENERAL NOTE
General note Includes index.
650 #0 - SUBJECT ADDED ENTRY--TOPICAL TERM
Topical term or geographic name as entry element Air conditioning.
9 (RLIN) 228130
Topical term or geographic name as entry element Refrigeration and refrigerating machinery.
9 (RLIN) 228131
Topical term or geographic name as entry element Heating.
9 (RLIN) 228132
700 1# - ADDED ENTRY--PERSONAL NAME
Personal name Fellows, Julian R.
Fuller form of name (Julian Robert),
Dates associated with a name 1900-1985,
942 ## - ADDED ENTRY ELEMENTS (KOHA)
Source of classification or shelving scheme Dewey Decimal Classification
Koha item type Books
Holdings
Lost status Source of classification or shelving scheme Damaged status Not for loan Collection code Permanent Location Current Location Shelving location Date acquired Source of acquisition Cost, normal purchase price Total Checkouts Full call number Date last seen Copy number Koha item type
  Dewey Decimal Classification   Not For Loan Non-fiction Central Library, University of Rajshahi Central Library, University of Rajshahi Reading Room 31/01/1967 Pak-American. com 21.66   621.56 SEA 1958 12/02/2019 C-1 Books